Zmena k lepšiemu

Guardado en:
Detalles Bibliográficos
Autor principal: Škriniar, Pavel, 1979-
Formato: Capítulo de libro
Lenguaje:eslovaco
Etiquetas: Agregar Etiqueta
Sin Etiquetas, Sea el primero en etiquetar este registro!

MARC

LEADER 00000naa$a2200000$$$4500
001 0061024
005 20240502071700.3
041 0 |a slo 
044 |a SK 
245 1 0 |a Zmena k lepšiemu  |c Pavel Škriniar 
100 1 |a Škriniar, Pavel, 1979-